|
|
|
|
| LEADER |
02158nam a22004338i 4500 |
| 001 |
34386 |
| 003 |
BD-DhAAL |
| 005 |
20190325100014.0 |
| 008 |
190325t2018 nyua b 001 0 eng |
| 999 |
|
|
|c 40525
|d 40525
|
| 010 |
|
|
|a 2017050527
|
| 020 |
|
|
|a 9781138911772 (softcover)
|
| 020 |
|
|
|a 9781138911765 (hardcover)
|
| 020 |
|
|
|a 9781315692388 (ebk)
|
| 020 |
|
|
|z 9781317432968 (web pdf)
|
| 020 |
|
|
|z 9781317432951 (epub)
|
| 020 |
|
|
|z 9781317432944 (mobipocket/kindle)
|
| 040 |
|
|
|a DLC
|b eng
|e rda
|c DLC
|d BD-DhAAL
|
| 042 |
|
|
|a pcc
|
| 050 |
0 |
0 |
|a P99.4.P72
|b C86 2018
|
| 082 |
0 |
0 |
|a 401.45
|2 23
|
| 100 |
1 |
|
|a Culpeper, Jonathan,
|d 1966-
|e author.
|9 30552
|
| 245 |
1 |
0 |
|a Second language pragmatics :
|b from theory to research /
|c Jonathan Culpeper, Alison Mackey and Naoko Taguchi.
|
| 260 |
|
|
|a New York, NY :
|b Routledge, Taylor & Francis Group,
|c c2018
|
| 300 |
|
|
|a xii, 237 pages :
|b illustrations ;
|c 24 cm.
|
| 504 |
|
|
|a Includes bibliographical references( pages [211]-229) and index.
|
| 505 |
|
|
|a 1. Introduction to Second Language Pragmatics --
2. Language Production: Conceptual Background --
3. Data Elicitation Methods in L2 Pragmatic Production --
4. Language Comprehension and Awareness: Conceptual Background --
5. Data Elicitation Methods in L2 Pragmatic Comprehension and Awareness --
6. Interaction: Conceptual Background --
7. Data Elicitation Methods in L2 Pragmatic Interaction --
8. Conclusions.
|
| 526 |
|
|
|a ENH
|
| 541 |
|
|
|a Parama
|e 34386
|
| 650 |
|
0 |
|a Pragmatics
|x Research.
|9 30553
|
| 650 |
|
0 |
|a Second language acquisition
|x Research.
|9 30554
|
| 650 |
|
0 |
|a Interlanguage (Language learning)
|x Research.
|9 30555
|
| 650 |
|
0 |
|a Intercultural communication
|x Research.
|9 30556
|
| 650 |
|
0 |
|a Language and languages
|x Study and teaching
|x Research.
|9 30557
|
| 700 |
1 |
|
|a Mackey, Alison,
|e author.
|9 30558
|
| 700 |
1 |
|
|a Taguchi, Naoko,
|d 1967-
|e author.
|9 30559
|
| 852 |
|
|
|a Ayesha Abed Library
|c General Stacks
|
| 942 |
|
|
|2 ddc
|c BK
|
| 952 |
|
|
|0 0
|1 0
|2 ddc
|4 0
|6 401_450000000000000_CUL
|7 0
|9 65145
|a BRACUL
|b BRACUL
|c GEN
|d 2019-02-26
|e Parama
|g 2626.29
|l 1
|m 19
|o 401.45 CUL
|p 3010034386
|q 2025-02-06
|r 2020-02-11
|s 2020-02-11
|t 1
|v 2626.29
|w 2019-02-26
|y BK
|